000 00229nam a22000857a 4500
008 161101b xxu||||| |||| 00| 0 eng d
100 _91000
_aGandhi.P.
245 _aBusiness Studies-XII
260 _aNew Delhi
_bDhanpat publications
_c2011
999 _c3660
_d3660